| 000 | 00714cam a22002174a 4500 | ||
|---|---|---|---|
| 020 | _a0321567927 (student edition) | ||
| 020 | _a9780321567925 (student edition) | ||
| 020 | _a9780321574725 (annotated instructor's edition) | ||
| 020 | _a0321574729 (annotated instructor's edition) | ||
| 050 | 0 | 0 |
_aQA39.3 _b.L53 2010 |
| 100 | 1 | _aLial, Margaret L. | |
| 245 | 1 | 0 |
_aPrealgebra / _cMargaret L. Lial, Diana L. Hestwood. |
| 250 | _a4th ed. | ||
| 260 |
_aBoston, MA [USA] : _bAddison-Wesley, _cc2010. |
||
| 300 | _axii, 794, [55] p. : | ||
| 500 | _aIncludes index. | ||
| 650 | _xMathematics. | ||
| 700 | 1 | _aHestwood, Diana. | |
| 856 | 4 | 1 | _uhttp://www.loc.gov/catdir/toc/ecip0820/2008024471.html |
| 942 |
_2lcc _cGEN |
||
| 999 |
_c7983 _d7983 |
||